成功者的地雷 (Record no. 23393)

000 -LEADER
fixed length control field 00511nam a22001937a 4500
003 - CONTROL NUMBER IDENTIFIER
control field MPLRDC
005 - DATE AND TIME OF LATEST TRANSACTION
control field 20220104124937.0
008 - FIXED-LENGTH DATA ELEMENTS--GENERAL INFORMATION
fixed length control field 210129b ||||| |||| 00| 0 eng d
020 ## - INTERNATIONAL STANDARD BOOK NUMBER
International Standard Book Number 978-986-134-096-8
082 ## - DEWEY DECIMAL CLASSIFICATION NUMBER
Classification number 861.57 STCD
100 ## - MAIN ENTRY--PERSONAL NAME
Personal name 神田昌典
245 ## - TITLE STATEMENT
Title 成功者的地雷
Statement of responsibility, etc. 蔡昭仪 译
250 ## - EDITION STATEMENT
Edition statement 初版
260 ## - PUBLICATION, DISTRIBUTION, ETC.
Place of publication, distribution, etc. 台湾
Name of publisher, distributor, etc. 先觉出版股份有限公司
Date of publication, distribution, etc. 2007
300 ## - PHYSICAL DESCRIPTION
Other physical details 287
490 ## - SERIES STATEMENT
Series statement 商战系列: 58
650 ## - SUBJECT ADDED ENTRY--TOPICAL TERM
Topical term or geographic name entry element 日本文学--长篇小说
942 ## - ADDED ENTRY ELEMENTS (KOHA)
Koha item type Book
-- 861.57 STCD
Holdings
Withdrawn status Lost status Source of classification or shelving scheme Damaged status Not for loan Collection code Home library Current library Shelving location Date acquired Cost, normal purchase price Total Checkouts Full call number Barcode Date last seen Date last checked out Price effective from Koha item type Public note
            Malaysian Public Library, Research and Development Centre Malaysian Public Library, Research and Development Centre   10/12/2007 41.50   861.57 STCD 00023464 17/03/2021 04/08/2013 17/03/2021 Book mplrdc

© 2022. Malaysian Public Library, Research and Development Centre. All Right ReservedE-mailmplrdc@help.edu.my 

Powered by Koha